000 00448nam a2200193Ia 4500
003 GCL
005 20240530101118.0
008 140319s9999 xx 000 0 eng d
040 _aGCL /
_cGCL
082 0 4 _a787.87
_bG G
100 1 _aGILL, CHRIS
245 1 0 _aGUITAR LEGENDS /
_cGILL, CHRIS
260 _a[S.N] :
_bSTUDIO EDITIONS ،
_c1995
300 _a160 P
650 0 4 _aGUITAR
650 0 4 _aARTS
650 0 4 _aMUSIC
942 _2ddc
_cBK
999 _c24726
_d24726